| 000 | 01083nam a22003137a 4500 | ||
|---|---|---|---|
| 999 |
_c21469 _d21469 |
||
| 003 | AR-CdUCM | ||
| 008 | 190220b ||||| |||| 00| 0 spa d | ||
| 020 | _a9789972513220 | ||
| 040 |
_aMUNICIPALIDAD PROVINCIAL DEL CUSCO _cBIBLIOTECA MUNICIPAL DEL CUSCO |
||
| 082 |
_a305.0958/C85 _bC85 |
||
| 245 |
_aLas desigualdades en el Perú : _bbalances críticos / _cJulio Cotler y Ricardo Cuenca, editores. |
||
| 260 |
_aLima : _bInstituto de Estudios Peruanos, IEP, _c2014. |
||
| 300 |
_a333 páginas. : _c23 cm. |
||
| 440 |
_aSerie Estudios sobre Desigualdad, _n2. _944917 |
||
| 500 | _zIncluye bibliografías. | ||
| 650 |
_aIgualdad _92595 |
||
| 650 |
_aMarginación social _944857 |
||
| 650 |
_aPobreza _94721 |
||
| 650 |
_aDistribución del ingreso _944715 |
||
| 650 |
_aJusticia social _97632 |
||
| 650 |
_aPolítica social _94012 |
||
| 650 |
_aPolítica económica _91407 |
||
| 650 |
_aPerú _944918 |
||
| 700 |
_aCotler, Julio _94661 |
||
| 700 |
_aCuenca, Ricardo _944796 |
||
| 710 |
_aInstituto de Estudios Peruanos (Lima) _99759 |
||
| 942 |
_2ddc _cLIBROS |
||
| 945 | _aRoel | ||